书目信息 |
| 书名: | Religion, what is it? | |
| 作者: | William Calloley Tremmel. | |
| 分册号: | ||
| 分册名: | 出版地: | Fort Worth : |
|
| 出版社: | Harcourt Brace College Publishers | |
| 出版时间: | c1997. | |
| 页数: | x, 428 p. ; | |
| 开本: | 24 cm. | |
| 丛书名: | ||
| 中图分类号: | ||
| 科图分类号: | ||
| 其他分类号: | B920 | |
| 主题词: | ||
| 电子资源: | ||
| 000 | 00728cam a2200265 a 4500 | |
| 001 | E0754785584 | |
| 003 | CAL | |
| 005 | 20070713151503.06 | |
| 008 | 040917s1997 txu b 001 0 eng | |
| 010 | @a 96076828 | |
| 020 | @a015503040X (pbk.). | |
| 040 | @aDLC@cDLC | |
| 050 | 00 | @aBL48@b.T7 1997 |
| 090 | @aB920 | |
| 093 | @aB920@24 | |
| 099 | @dB920@ex71=3 | |
| 100 | 1 | @aTremmel, William C. |
| 245 | 10 | @aReligion, what is it? / @cWilliam Calloley Tremmel. |
| 250 | @a3rd ed. | |
| 260 | @aFort Worth :@bHarcourt Brace College Publishers,@cc1997. | |
| 300 | @ax, 428 p. ;@c24 cm. | |
| 504 | @aIncludes bibliographical references (p. [399]-413) and index. | |
| 650 | 0 | @aReligion. |
| 920 | @a212010@z1 | |
| 998 | @aNKL | |
| Religion, what is it? / / William Calloley Tremmel.-3rd ed.-Fort Worth : : Harcourt Brace College Publishers, , c1997. |
| x, 428 p. ; ; 24 cm. |
| Includes bibliographical references (p. [399]-413) and index. |
| ISBN 015503040X (pbk.). |
| ● |
| 相关链接 |
|
|
|
|
正题名:Religion, what is it?
索取号:B920/x71=3
 
预约/预借
| 序号 | 登录号 | 条形码 | 馆藏地/架位号 | 状态 | 备注 |
| 1 | 0013234 | 300132345 | 第二样本阅览室/ [索取号:B920/x71=3] | 在馆 | |
| 2 | 0013235 | 300132354 | 第四借阅区/ [索取号:B920/x71=3] | 在馆 |